| 000 | 00845cab a22001935a 4500 | ||
|---|---|---|---|
| 001 | L148782 | ||
| 008 | 091109s2009 xxkd f 000 0 eng d | ||
| 035 | _a(Sirsi) u148782 | ||
| 041 | 0 | _aeng | |
| 110 | 2 |
_aAsia Property _95589 |
|
| 245 | 0 | 0 | _aHong Kong still most pricey office market |
| 260 | _c2009 | ||
| 490 |
_aAsia Property _v October 2009, 26(1) |
||
| 520 | _aHong Kong is the world?s most expensive office location despite a 35% fall in average prime occupancy costs since June 2008. Asia Pacific office performance in the first half of 2009 was weak with an 11.4% increase in regional vacancy rates. India?s office oversupply will be used up by 2013. Table covers prime Asian rents and yields Q2 2009. | ||
| 590 | _aKA | ||
| 651 | 4 | _aAsia Pacific | |
| 690 | _aPROPERTY-COMMERCIAL PROPERTY-COMMERCIAL PROPERTY MARKET | ||
| 942 | _n0 | ||
| 999 |
_c81956 _d81956 |
||